| 000 | 00373nam a2200145Ia 4500 | ||
|---|---|---|---|
| 005 | 20251222152608.0 | ||
| 008 | 251222s9999||||xx |||||||||||||| ||spa|| | ||
| 020 | _a9789588203409 | ||
| 082 | _a636/L28 | ||
| 100 | _aDurán Ramírez, Felipe y otros | ||
| 245 | 0 | _aComplemento Manual del Ganadero Actual | |
| 250 | _a1ra.ed. | ||
| 264 | _bGrupo Latino Ltda. | ||
| 942 | _cLIB | ||
| 999 |
_c26867 _d26867 |
||